[Event "Canarias-ch U18"]
[Site "Brena Baja"]
[Date "2022.06.02"]
[Round "2"]
[White "Diaz Perez, Michel Alejandro"]
[Black "Perez Roger, Aleix"]
[Result "1-0"]
[WhiteElo "2439"]
[BlackElo "1064"]
[PlyCount "154"]
[EventDate "2022.06.01"]
[EventType "swiss"]
[EventRounds "6"]
[EventCountry "ESP"]
[SourceTitle "CBM 208 Extra"]
[Source "ChessBase"]
[SourceDate "2022.07.31"]
[SourceVersion "1"]
[SourceVersionDate "2022.07.31"]
[SourceQuality "1"]

1. d4 Nf6 2. Bf4 e6 3. e3 b6 4. Nf3 Bb7 5. Nbd2 c5 6. c3 Be7 7. h3 0-0 8. Bd3 d5 9. 0-0 Nbd7 10. Qc2 cxd4 11. exd4 h6 12. a4 a5 13. Rfe1 Ba6 14. Bxa6 Rxa6 15. Nb1 Ne4 16. Na3 Bd6 17. Rxe4 dxe4 18. Bxd6 exf3 19. Bxf8 Nxf8 20. Qd3 Qa8 21. Nb5 Qc6 22. Qxf3 Qxf3 23. gxf3 Ra8 24. c4 Rc8 25. Rc1 Ng6 26. Rc3 Nf4 27. Kh2 Ne2 28. Rc2 Nf4 29. c5 Nd5 30. Rc4 Kf8 31. Nd6 Rc6 32. cxb6 Rxb6 33. Nb5 Rb8 34. b3 Ke7 35. Kg3 Kd7 36. f4 Rb6 37. Kf3 f5 38. Rc1 Rb8 39. Rg1 Rg8 40. h4 Nc7 41. Na3 Rb8 42. Rxg7+ Kc6 43. Nc4 Rxb3+ 44. Ke2 Rc3 45. Nxa5+ Kb6 46. Kd2 Nd5 47. Nb7 Rc7 48. Rxc7 Kxc7 49. Nc5 Nxf4 50. a5 Kc6 51. f3 Ng2 52. Nxe6 Nxh4 53. Ke2 Kb5 54. d5 Ng6 55. d6 Ne5 56. Nf8 Kxa5 57. d7 Nc6 58. Ne6 Kb6 59. d8Q+ Nxd8 60. Nxd8 Kc7 61. Nf7 h5 62. Nh6 f4 63. Kd3 Kd6 64. Ke4 Ke6 65. Kxf4 Kf6 66. Nf5 Kg6 67. Nh4+ Kf6 68. Kg3 Kg7 69. f4 Kf6 70. Kf3 Kf7 71. Ke4 Kf6 72. Kd5 Kg7 73. Ke6 Kh6 74. Ke7 Kh7 75. f5 Kh6 76. Nf3 Kh7 77. f6 Kg6 1-0